Neziskový sektor-výsledky prieskumu

Neziskové organizácie ako významná súčasť života našej spoločnosti. Prinášajú verejnosti rôznorodú ponuku produktov a služieb, ktoré v bežných – ziskových – podmienkach na trhu nedostať. Zhrnutie výsledkov prieskumu mapujúceho mienku študentov prvých ročníkov Ekonomickej univerzity v Bratislave o sl...

Descrizione completa

Salvato in:
Dettagli Bibliografici
Autore principale: Veselá, Ivana
Natura: Capitolo di libro
Lingua:slovacco
Soggetti:
Tags: Aggiungi Tag
Nessun Tag, puoi essere il primo ad aggiungerne!!

MARC

LEADER 00000naa$a2200000$$$4500
001 0069611
005 20240502071836.1
041 0 |a slo 
044 |a SK 
245 1 0 |a Neziskový sektor-výsledky prieskumu  |c Ivana Veselá 
520 |a Neziskové organizácie ako významná súčasť života našej spoločnosti. Prinášajú verejnosti rôznorodú ponuku produktov a služieb, ktoré v bežných – ziskových – podmienkach na trhu nedostať. Zhrnutie výsledkov prieskumu mapujúceho mienku študentov prvých ročníkov Ekonomickej univerzity v Bratislave o slovenskom neziskovom sektore. Realizovanie prieskumu s cieľom uspokojiť informačné potreby vybraných neziskových organizácií pôsobiacich v oblasti práce s mládežou. 
610 2 0 |a organizácie neziskové 
610 2 0 |a informácie 
610 2 0 |a Slovensko 
610 2 0 |a dotazníky 
100 1 |a Veselá, Ivana